000 00674nam a22001935i 4500
001 155160
003 ES-MaACL
005 20230906205959.0
008 991209s1891 xxk |||| | eng d
040 _aM-RAJU
_bspa
_cM-RAJU
_dCCPB | B
100 1 _aHay, John H. Drummond.
_9127821
245 1 0 _aMorocco and the moors, Western Barbary
_b: its wild tribes and savage animals /
_cby John H. Drummond Hay.
250 _aNew ed.
260 _aLondon :
_bJohn Murray,
_c1891.
300 _aVI, 177 p. ;
_c19 cm.
651 4 _aMarruecos-
_xDescripción-
_yS.XIX.
_99026
752 _aGran BretaƱa -
_dLondres
852 _aES-MaACL
_jC-592
_z-- Enc. editorial en tela grabada
999 _c155160
_d155160